Countries smaller than South Africa's Kruger National Park - Statistics

General Stats
  • This quiz has been taken 234 times
  • The average score is 20 of 48
Answer Stats
Hint Answer % Correct
0,49 km² Vatican City
81%
2,02 km² Monaco
74%
2 586 km² Luxembourg
62%
17 364 km² Eswatini
57%
160 km² Liechtenstein
56%
18 272 km² Fiji
54%
2 040km² Mauritius
53%
61 km² San Marino
53%
20 770 km² Israel
48%
468 km² Andorra
47%
452 km² Seychelles
47%
747 km² Tonga
46%
430 km² Barbados
44%
316 km² Malta
44%
2 842 km² Samoa
44%
300 km² Maldives
42%
21 km² Nauru
42%
13 943 km² The Bahamas
42%
26 km² Tuvalu
42%
11 586 km² Qatar
40%
751 km² Dominica
39%
344 km² Grenada
39%
10 991 km² Jamaica
39%
10 452 km² Lebanon
39%
726 km² Singapore
39%
5 130 km² Trinidad and Tobago
39%
778 km² Bahrain
38%
4 033 km² Cape Verde
38%
9 251 km² Cyprus
38%
616 km² St Lucia
38%
12 189 km² Vanuatu
38%
811 km² Kiribati
37%
459 km² Palau
37%
261 km² St Kitts and Nevis
37%
181 km² Marshall Islands
36%
442 km² Antigua and Barbuda
35%
5 765 km² Brunei
35%
702 km² Federated States of Micronesia
35%
389 km² St Vincent and the Grenadines
35%
1 862 km² Comoros
34%
964 km² Sao Tome and Principe
33%
17 818 km² Kuwait
32%
14 919 km² East Timor
31%
10 887 km² Kosovo
31%
13 812 km² Montenegro
30%
21 041 km² El Salvador
28%
11 295 km² The Gambia
27%
20 273 km² Slovenia
26%
No matching quizzes found
Score Distribution
Percent of People with Each Score
Percentile by Number Answered
Your Score History
You have not taken this quiz